| 000 | 00763nam a2200253 a 4500 | ||
|---|---|---|---|
| 003 | DO-SdBNP | ||
| 005 | 20260313112256.0 | ||
| 007 | ta | ||
| 008 | 220118e2019 dr ||||er|||| 00| pdspa d | ||
| 020 | _a9789945220216 | ||
| 040 |
_aDO-SdBNP _bspa _cBNPHU |
||
| 082 | 4 |
_222 _bG633a |
|
| 100 | 1 |
_aGómez Carrasco, Victor _980967 |
|
| 245 | 1 | 0 |
_aAlbergado por la soledad: _bpoemas. / _cVictor Gómez Carrasco |
| 246 | _aPoemas | ||
| 260 |
_aSanto Domingo : _bDragón, _c2019 |
||
| 300 |
_a92 p. ; _c22 cm. |
||
| 500 | _aIncluye datos biográficos del autor en la solapa de la portada. | ||
| 590 | _aInventariado 2022 / MF. | ||
| 650 | 0 |
_aPoesía _zRepública Dominicana _94503 |
|
| 650 | 0 |
_978831 _aLiteratura dominicana |
|
| 910 | _aMFéliz | ||
| 942 |
_2ddc _cLBS1 |
||
| 999 |
_c51187 _d51187 |
||